[Rezension von: Andreas J. Beck (Hg.), Melanchthon und die Reformierte Tradition]

Saved in:
Bibliographic Details
Published in:Sehepunkte 17(2017), 10, Seite ?
Main Author: Schmidtke, Sabine (Author, VerfasserIn)
Document Type: Online Resource Article
Language:German
Published: 2017
Subjects:
Online Access:kostenfrei
Related Items:Enthalten in: Sehepunkte
Rezension von: Melanchthon und die Reformierte Tradition
Author Notes:Sabine Schmidtke
LEADER 01727caa a2200361 c 4500
001 1564650871
003 DE-627
005 20220814005559.0
007 cr uuu---uuuuu
008 171023s2017 xx |||||oo 00| ||ger c
035 |a (DE-627)1564650871 
035 |a (DE-576)494650877 
035 |a (DE-599)BSZ494650877 
035 |a (OCoLC)1340980818 
040 |a DE-627  |b ger  |c DE-627  |e rda 
041 |a ger 
084 |a 1  |2 ssgn 
100 1 |a Schmidtke, Sabine  |d 1980-  |e VerfasserIn  |0 (DE-588)1070633003  |0 (DE-627)824410866  |0 (DE-576)34613546X  |4 aut 
245 1 0 |a [Rezension von: Andreas J. Beck (Hg.), Melanchthon und die Reformierte Tradition]  |c Sabine Schmidtke 
264 1 |c 2017 
336 |a Text  |b txt  |2 rdacontent 
337 |a Computermedien  |b c  |2 rdamedia 
338 |a Online-Ressource  |b cr  |2 rdacarrier 
500 |a Gesehen am 23.10.2017 
655 7 |a Rezension  |0 (DE-588)4049712-4  |0 (DE-627)106186019  |0 (DE-576)209083166  |2 gnd-content 
773 0 8 |i Enthalten in  |t Sehepunkte  |d München : Ludwig-Maximilians-Univ., 2001  |g 17(2017), 10, Seite ?  |h Online-Ressource  |w (DE-627)33678273X  |w (DE-600)2062440-2  |w (DE-576)117978736  |x 1618-6168  |7 nnas 
773 1 8 |g volume:17  |g year:2017  |g number:10  |g pages:? 
787 0 8 |i Rezension von  |a Melanchthon und die Reformierte Tradition (Veranstaltung : 2010 : Emden)  |t Melanchthon und die Reformierte Tradition  |d Göttingen : Vandenhoeck & Ruprecht, 2016  |h 250 Seiten  |w (DE-627)689902247  |w (DE-576)367711494  |z 3525550316  |z 9783525550311 
856 4 0 |u http://www.sehepunkte.de/2017/10/29787.html  |x Verlag  |z kostenfrei  |3 Volltext  |7 0 
951 |a AR 
994 |u https://www.sehepunkte.de/2017/10/29787.html 
991 |a Rezension (Monographie, Zeitschrift, Aufsatz) 
999 |a KXP-PPN1564650871  |e 4978806593